[Event "Madrid Vicalvaro op"]
[Site "Madrid"]
[Date "2022.05.22"]
[Round "3"]
[White "Escobar Cabanillas, Alejandro"]
[Black "Toledano Cabrerizo, Sergio"]
[Result "1/2-1/2"]
[WhiteElo "1430"]
[BlackElo "1273"]
[PlyCount "75"]
[EventDate "2022.05.08"]
[EventType "swiss"]
[EventRounds "7"]
[EventCountry "ESP"]
[SourceTitle "EXT 2024"]
[Source "ChessBase"]
[SourceDate "2023.10.10"]
[SourceVersion "1"]
[SourceVersionDate "2023.10.10"]
[SourceQuality "1"]

1. e4 e5 2. Nf3 Nc6 3. d4 exd4 4. Bc4 h6 5. 0-0 Bc5 6. c3 Qf6 7. e5 Qg6 8. cxd4 Bb6 9. Nc3 Nge7 10. d5 Nd8 11. d6 Nec6 12. Nb5 Ne6 13. Bxe6 Qxe6 14. dxc7 a6 15. Nd6+ Kf8 16. b3 Bxc7 17. Ba3 Kg8 18. Re1 Bxd6 19. exd6 Qg6 20. Ne5 Nxe5 21. Rxe5 Kh7 22. Qd5 Rb8 23. Re7 Rf8 24. Rae1 b5 25. Qf3 Bb7 26. Qg3 Qxg3 27. hxg3 Bc6 28. g4 Kg8 29. R1e3 Rfd8 30. Rg3 Re8 31. g5 h5 32. f4 g6 33. f5 Rf8 34. fxg6 fxg6 35. Bb2 Rf7 36. Rxf7 Kxf7 37. Re3 Re8 38. Rxe8 1/2-1/2

[Event "Madrid Vicalvaro op"]
[Site "Madrid"]
[Date "2022.05.08"]
[Round "1"]
[White "Perez Puebla, Fernando"]
[Black "Toledano Cabrerizo, Sergio"]
[Result "1-0"]
[WhiteElo "1633"]
[BlackElo "1273"]
[PlyCount "33"]
[EventDate "2022.05.08"]
[EventType "swiss"]
[EventRounds "7"]
[EventCountry "ESP"]
[SourceTitle "EXT 2024"]
[Source "ChessBase"]
[SourceDate "2023.10.10"]
[SourceVersion "1"]
[SourceVersionDate "2023.10.10"]
[SourceQuality "1"]

1. d4 f5 2. Bg5 Nf6 3. Bxf6 exf6 4. e3 Be7 5. Bd3 d6 6. Nc3 Be6 7. Qf3 Qc8 8. Nge2 g6 9. 0-0-0 Nc6 10. Bb5 Bd7 11. e4 fxe4 12. Qxe4 f5 13. Qe3 Qd8 14. Nd5 Kf8 15. Qh6+ Kg8 16. Bc4 Bg5+ 17. Ndf4+ 1-0